000 00408nam a2200145Ia 4500
005 20251222153543.0
008 251222s9999||||xx |||||||||||||| ||spa||
020 _a9972420116
082 _a346.460.52/L95
100 _aLuca de Tena, Guillermo Lohmann
245 0 _aDerecho de Sucesiones:
250 _a1ra. ed.
264 _bFondo Editorial de la Pontificia Universidad Católica del Perú
942 _cLIB
999 _c30528
_d30528